| 000 | 00982nam0a22002531 4500 | ||
|---|---|---|---|
| 001 | rc\2804487 | ||
| 005 | 20250806210523.0 | ||
| 035 | _a(NLR Aleph) 006930456 | ||
| 090 |
_a35343 _c35343 |
||
| 100 | _a20110915d1944 u y0rusy50 ca | ||
| 101 | 0 | _arus | |
| 102 | _aRU | ||
| 105 | _ay z ||||| | ||
| 200 | 1 |
_aНаставление по изучению материальной части оружия _fУпр. ВОХР и ПВО НКЭС СССР |
|
| 210 |
_aМосква _aЛенинград _cГосэнергоиздат _d1944 _eМосква _gтип. Госэнергоиздата |
||
| 215 |
_a36 с. _d13 см. |
||
| 712 | 0 | 1 |
_aСССР _bНародный ком. электростанций _bУправление военизир. охраны и ПВО |
| 801 | 0 |
_aRU _bNLR _gpsbo |
|
| 801 | 1 |
_aRU _bELAR _2rusmarc |
|
| 852 |
_aNLR _jВ60 Г-2/935 |
||
| 942 | _cBOOK | ||
| 945 | _aРоссийская национальная библиотека | ||
| 980 | _aNB | ||
| 980 | _aBV | ||